Solutions to Resnick and Halliday Physics Part11 (Record no. 19426)
[ view plain ]
| 000 -LEADER | |
|---|---|
| fixed length control field | 00367nam a22001457a 4500 |
| 003 - CONTROL NUMBER IDENTIFIER | |
| control field | OSt |
| 008 - FIXED-LENGTH DATA ELEMENTS--GENERAL INFORMATION | |
| fixed length control field | 250221b |||||||| |||| 00| 0 eng d |
| 041 ## - LANGUAGE CODE | |
| Language code of text/sound track or separate title | eng |
| 082 ## - DEWEY DECIMAL CLASSIFICATION NUMBER | |
| Classification number | 530 |
| 100 ## - MAIN ENTRY--AUTHOR NAME | |
| Personal name | Kamal, AA |
| 245 ## - TITLE STATEMENT | |
| Title | Solutions to Resnick and Halliday Physics Part11 |
| 250 ## - EDITION STATEMENT | |
| Edition statement | 1st |
| 260 ## - PUBLICATION, DISTRIBUTION, ETC. (IMPRINT) | |
| Place of publication | Delhi; |
| Name of publisher | New Age International Publishers, |
| Year of publication | 1994. |
| 942 ## - ADDED ENTRY ELEMENTS (KOHA) | |
| Koha item type | Books |
| Withdrawn status | Lost status | Damaged status | Home library | Current library | Date acquired | Source of acquisition | Cost, normal purchase price | Full call number | Accession Number | Koha item type | Public note |
|---|---|---|---|---|---|---|---|---|---|---|---|
| Withdrawn | KAUAET | KAUAET | 21/02/2025 | Higgin BothGrees, Ernakulam | 75.00 | 530 | 20398 | Books | Withdrawn as per order no A3-1008/2003 dated 25/04/2003 |
